Lịch sử sử học thế giới Sơ giản
Sử học thời cổ đại. Sử học thời trung đại. Sử học thời cận đại. Sử học thời hiện đại. Khái quát về quá trình nghiên cứu lịch sử sử học Đông Nam Á.
Guardado en:
| Otros Autores: | , , , |
|---|---|
| Formato: | Libro |
| Lenguaje: | Vietnamese |
| Publicado: |
H.
Đại học Sư phạm
2014
|
| Edición: | In lần thứ hai |
| Materias: | |
| Etiquetas: |
Agregar Etiqueta
Sin Etiquetas, Sea el primero en etiquetar este registro!
|
| Thư viện lưu trữ: | Mạng thư viện Đại học Đà Nẵng |
|---|
| LEADER | 01429nam a2200361 4500 | ||
|---|---|---|---|
| 001 | 000024064 | ||
| 003 | 20543 | ||
| 005 | 20160928090917.0 | ||
| 008 | 160927s2014 viesd | ||
| 020 | |a 9786045414521 |c 36000đ | ||
| 041 | 0 | |a vie | |
| 082 | 1 | 4 | |a 909 |b Lic |
| 245 | 0 | 0 | |a Lịch sử sử học thế giới |b Sơ giản |c Phạm Ngọc Liên, Đỗ Thanh Bình (đồng ch.b), Trần Vĩnh Tường... |
| 250 | |a In lần thứ hai | ||
| 260 | |a H. |b Đại học Sư phạm |c 2014 | ||
| 300 | |a 224 tr. |c 21 cm. | ||
| 520 | 3 | |a Sử học thời cổ đại. Sử học thời trung đại. Sử học thời cận đại. Sử học thời hiện đại. Khái quát về quá trình nghiên cứu lịch sử sử học Đông Nam Á. | |
| 650 | 0 | 4 | |a Lịch sử thế giới |x Lịch sử |
| 653 | |a Lịch sử thế giới | ||
| 700 | 1 | |a Phạm Ngọc Liên | |
| 700 | 1 | |a Đỗ Thanh Bình | |
| 700 | 1 | |a Trần Vĩnh Tường | |
| 700 | 1 | |a Văn Ngọc Thành | |
| OWN | |a LSP | ||
| AVA | |a UDN50 |b LSP |d 909 Lic |e available |t Error 5001 Not defined in file expand_doc_bib_avail. |f 5 |g 0 |h N |i 0 |k 1 | ||
| 999 | |a From the UDN01 | ||
| AVA | |a UDN50 |b LSP |d 909 Lic |e available |t Error 5001 Not defined in file expand_doc_bib_avail. |f 5 |g 0 |h N |i 0 |k 1 | ||
| TYP | |a Monograph | ||
| TYP | |a Printed language | ||
| 980 | |a Mạng thư viện Đại học Đà Nẵng | ||


